Loading...

പ്രാർത്ഥനാഞ്ജലി

Bibliographic Details
Main Author: വാഗ്ഭടാനന്ദൻ
Other Authors: Vagbhadanandan
Format: Printed Book
Published: Vadkara: Aathmavidya Prasideekarana samithi,
Subjects:
LEADER 00530nam a22001457a 4500
082 |a 294.5433  |b VAG-P 
100 |a വാഗ്ഭടാനന്ദൻ  
245 |a  പ്രാർത്ഥനാഞ്ജലി  
260 |a Vadkara:  |b Aathmavidya Prasideekarana samithi, 
300 |a 69p. 
650 |a Hindu reliegion-prayer 
700 |a Vagbhadanandan 
942 |c BK 
999 |c 55095  |d 55095 
952 |0 0  |1 0  |4 0  |6 294_543300000000000_VAGP  |7 0  |9 69360  |a KU  |b KU  |c GEN  |d 2019-07-12  |g 20.00  |l 0  |o 294.5433 VAG-P  |p G00985  |r 2019-07-12  |w 2019-07-12  |y MOORKOTH